HANDBOOK OF INTEGRATED RISK MANAGEMENT F (Record no. 12740)

MARC details
000 -LEADER
fixed length control field 00352nam a2200133Ia 4500
008 - FIXED-LENGTH DATA ELEMENTS--GENERAL INFORMATION
fixed length control field 240624s9999 xx 000 0 und d
041 ## - LANGUAGE CODE
Language code of text/sound track or separate title eng
082 ## - DEWEY DECIMAL CLASSIFICATION NUMBER
Classification number 658.15 LAB
100 ## - MAIN ENTRY--PERSONAL NAME
Personal name LABBI ABDERRAHIM
245 ## - TITLE STATEMENT
Title HANDBOOK OF INTEGRATED RISK MANAGEMENT F
260 ## - PUBLICATION, DISTRIBUTION, ETC.
Date of publication, distribution, etc. 2005
Place of publication, distribution, etc. USA
Name of publisher, distributor, etc. J Ross Publishing
300 ## - PHYSICAL DESCRIPTION
Extent x, : 318 : p. : cm. ; 24
365 ## - TRADE PRICE
Currency code
Price amount 30
Holdings
Withdrawn status Lost status Damaged status Not for loan Home library Current library Shelving location Date acquired Source of acquisition Cost, normal purchase price Total Holds Full call number Barcode Date last seen Copy number Price effective from Koha item type
        IMTN IMTN Rack 24-A 03/02/2009 BWE 89.95 8024 658.15 LAB 12740 06/24/2024 51.5 06/24/2024 Books
Designed & Maintained by: LRC IMT Nagpur Contact: lrc@imtnag.ac.in© 2024. All Rights Reserved.